Launching the imagination : A guide to Two-Dimensional design
Launching the Imagination treats design as both a verb and a noun both a process and a product. Design is deliberate process of exploring multiple solutions and choosing the most promising option. Through an immersion in 2-D, 3-D, and 4-D concepts, students are encouraged to develop methods of think...
Bewaard in:
| Hoofdauteur: | |
|---|---|
| Formaat: | Boek |
| Taal: | Undetermined |
| Gepubliceerd in: |
New York
McGraw-Hill
2012
|
| Onderwerpen: | |
| Tags: |
Voeg label toe
Geen labels, Wees de eerste die dit record labelt!
|
| Thư viện lưu trữ: | Trung tâm Học liệu Trường Đại học Cần Thơ |
|---|
| LEADER | 00958nam a2200217Ia 4500 | ||
|---|---|---|---|
| 001 | CTU_210052 | ||
| 008 | 210402s9999 xx 000 0 und d | ||
| 020 | |c 108 | ||
| 082 | |a 745.4 | ||
| 082 | |b S849 | ||
| 100 | |a Stewart, Mary | ||
| 245 | 0 | |a Launching the imagination : | |
| 245 | 2 | |b A guide to Two-Dimensional design | |
| 245 | 0 | |c Mary Stewart | |
| 260 | |a New York | ||
| 260 | |b McGraw-Hill | ||
| 260 | |c 2012 | ||
| 520 | |a Launching the Imagination treats design as both a verb and a noun both a process and a product. Design is deliberate process of exploring multiple solutions and choosing the most promising option. Through an immersion in 2-D, 3-D, and 4-D concepts, students are encouraged to develop methods of thinking visually that will serve them throughout their studies and careers. | ||
| 650 | |a Design,Thiết kế | ||
| 904 | |i Huỳnh Thị Ngọc Ngân, Tuyến | ||
| 980 | |a Trung tâm Học liệu Trường Đại học Cần Thơ | ||